[Event "Dulles Skyline op-B"]
[Site "Dulles"]
[Date "2022.10.08"]
[Round "2"]
[White "Fischer, Robert"]
[Black "Murugan Ayyappan, Adhiraiyan"]
[Result "1-0"]
[WhiteElo "1826"]
[BlackElo "1482"]
[PlyCount "157"]
[EventDate "2022.10.08"]
[EventType "swiss"]
[EventRounds "6"]
[EventCountry "USA"]
[SourceTitle "CBM 210 Extra"]
[Source "ChessBase"]
[SourceDate "2022.11.30"]
[SourceVersion "1"]
[SourceVersionDate "2022.11.30"]
[SourceQuality "1"]

1. d4 d5 2. Nf3 Bf5 3. c4 e6 4. Qb3 Nc6 5. Bd2 Rb8 6. e3 Nf6 7. Be2 Be7 8. 0-0 h6 9. Nc3 0-0 10. cxd5 exd5 11. Rac1 Bd6 12. Nb5 Re8 13. Rfd1 Ne4 14. Be1 a6 15. Nc3 Nf6 16. Na4 Qd7 17. Nc5 Qe7 18. Qa4 Bd7 19. Nxd7 Qxd7 20. Bxa6 Ra8 21. Bxb7 Rxa4 22. Bxc6 Qe7 23. Bxa4 Rb8 24. Rc2 Qe4 25. Rdc1 Ng4 26. Bc6 Nf6 27. a4 Qd3 28. Ne5 Bxe5 29. dxe5 Ne4 30. b4 Qb3 31. a5 Ng5 32. a6 Qa3 33. b5 Ne6 34. Bc3 Qa4 35. Bd4 Nxd4 36. exd4 Qxd4 37. Bb7 Qb6 38. Rxc7 Kh7 39. R7c5 Rxb7 40. axb7 Qxb7 41. Rd1 d4 42. Rxd4 Qa7 43. Rcd5 Kg6 44. g3 Kf5 45. Rd7 Qa5 46. R7d5 Ke6 47. b6 Qa8 48. g4 g5 49. f3 f6 50. Rd6+ Kxe5 51. R4d5+ Kf4 52. Rxf6+ Ke3 53. Re5+ Kd4 54. Re4+ Kd3 55. Rd6+ Kc3 56. Rxh6 Qf8 57. Rhe6 Qc5+ 58. Re3+ Kd2 59. Kg2 Qb5 60. Re2+ Kd3 61. R6e3+ Kd4 62. Re6 Kd3 63. Kg3 Kd4 64. Rd2+ Kc3 65. Red6 Qe5+ 66. Kg2 Qb5 67. R2d3+ Kc2 68. h3 Qa6 69. Rd2+ Kc3 70. R6d3+ Kc4 71. Rb2 Qb7 72. Rdd2 Kc3 73. Rdc2+ Kd3 74. Rc7 Qb8 75. b7 Qxc7 76. b8Q Qxb8 77. Rxb8 Ke3 78. Re8+ Kf4 79. Re4# 1-0